Countries with cleanest water - Statistics

General Stats
  • This quiz has been taken 129 times
  • The average score is 6 of 10
Answer Stats
Hint Answer % Correct
5 Sweden
89%
2 Canada
88%
3 Denmark
82%
7 Iceland
82%
9 Switzerland
74%
8 Germany
68%
6 Austria
65%
4 Singapore
46%
1 Chile
28%
10 Greenland
11%
No matching quizzes found
Score Distribution
Percent of People with Each Score
Percentile by Number Answered
Your Score History
You have not taken this quiz